The optimal rate of decline of an inefficient industry (Registro nro. 25954)

Detalles MARC
000 -LEADER
fixed length control field 00374 a2200121 4500
001 - CONTROL NUMBER
control field ART_11930
005 - DATE AND TIME OF LATEST TRANSACTION
control field 20260410161901.0
008 - FIXED-LENGTH DATA ELEMENTS--GENERAL INFORMATION
fixed length control field 260409a
100 1# - MAIN ENTRY--PERSONAL NAME
Personal name Forster, Bruce A.
245 10 - TITLE STATEMENT
Title The optimal rate of decline of an inefficient industry
700 1# - ADDED ENTRY--PERSONAL NAME
Personal name Rees, Ray
773 0# - HOST ITEM ENTRY
Title Journal of public economics
Related parts - Vol. 22, Nº 2 (nov. 1983)
Record control number REV11485

No hay ítems disponibles.